राजी सेठ:कथा सृष्टि एवं दृष्टि (Record no. 7007)

MARC details
000 -LEADER
fixed length control field 01130 a2200217 4500
005 - DATE AND TIME OF LATEST TRANSACTION
control field 20080912121555.0
008 - FIXED-LENGTH DATA ELEMENTS--GENERAL INFORMATION
fixed length control field 080912t xxu||||| |||| 00| 0 hin d
010 ## - LIBRARY OF CONGRESS CONTROL NUMBER
LC control number HIN-80735
020 ## - INTERNATIONAL STANDARD BOOK NUMBER
International Standard Book Number 8121402689
Terms of availability 225.00
035 ## - SYSTEM CONTROL NUMBER
System control number HN-53081
037 ## - SOURCE OF ACQUISITION
Source of stock number/acquisition D.B.Act / pub
082 ## - DEWEY DECIMAL CLASSIFICATION NUMBER
Classification number 823.08
100 ## - MAIN ENTRY--PERSONAL NAME
Personal name कश्मीरी लाल
245 ## - TITLE STATEMENT
Title राजी सेठ:कथा सृष्टि एवं दृष्टि
Statement of responsibility, etc कश्मीरी लाल
246 ## - VARYING FORM OF TITLE
Remainder of title kashmere lal
Title proper/short title Raji Setha
260 ## - PUBLICATION, DISTRIBUTION, ETC. (IMPRINT)
Place of publication, distribution, etc नई दिल्ली
Name of publisher, distributor, etc नेशनल पब्लिशिंग हाउस
Date of publication, distribution, etc 2006
270 ## - ADDRESS
Address 2/35 अंसारी रोड,दरियागंज
City नई दिल्ली
Postal code 110002
Fax number 011-23254407
Electronic mail address sales@nationalpublishinghouse.com
300 ## - PHYSICAL DESCRIPTION
Extent 175पृ
Dimensions 22 सेमी (सजिल्द)
942 ## - ADDED ENTRY ELEMENTS (KOHA)
Institution code [OBSOLETE] dpl
Koha item type Hindi Books
Call number prefix 823.08 / कश्मीरी
Source of classification or shelving scheme Dewey Decimal Classification
Classification part 823.08
Call number suffix कश्मीरी
Holdings
Withdrawn status Lost status Damaged status Not for loan Home library Current library Date acquired Cost, normal purchase price Total Checkouts Full call number Barcode Date last seen Copy number Uniform Resource Identifier Cost, replacement price Price effective from Koha item type
        D.B.Act.Division D.B.Act.Division 12/09/2008 225.00   823.08 कश्मीरी HN-53081 15/09/2008 1 7519 225.00 15/09/2008 Hindi Books

© Delhi Public Library
Hit Counter
free hit counter